000
00329 a2200145 4500
001
168030
020
_a
040
_c
Magnum
100
_a
Boneti, Lindomar Wessler (Coord.)
240
1
0
_a
Educacao, exclusao e cidadania
_l
por
245
1
0
_a
Educacao, exclusao e cidadania
362
0
_a
1899
697
_a
ENSINO
942
_c
BK
999
_c
168030
_d
168030